Statistics for Destiny the Game #17 All Raid Weapons

Click here to take the quiz!

General Stats

  • This quiz has been taken 892 times
  • The average score is 19 of 41

Answer Stats

HintAnswer% Correct
Vault of Glass Hand CannonFatebringer
96%
Vault of Glass Auto RifleAtheon's Epilogue
83%
Vault of Glass Scout RifleVision of Confluence
81%
Vault of Glass ExoticVex Mythoclast
80%
Vault of Glass Sniper RiflePraedyth's Revenge
69%
Crota's End Sniper RifleBlack Hammer
68%
Crota's End ExoticNecrochasm
68%
Vault of Glass Pulse RiflePraedyth's Timepiece
68%
Crota's End Hand CannonWord of Crota
64%
King's Fall ExoticTouch of Malice
62%
Wrath of the Machine ExoticOutbreak Prime
61%
Crota's End Scout RifleFang of Ir Yut
58%
Vault of Glass ShotgunFound Verdict
58%
Vault of Glass Fusion RiflePraetorian Foil
56%
Crota's End ShotgunSwordbreaker
54%
Vault of Glass Machine GunCorrective Measure
53%
Wrath of the Machine Sniper RifleEx Machina~
50%
Crota's End Auto RifleAbyss Defiant
49%
Crota's End Pulse RifleOversoul Edict
46%
Wrath of the Machine Scout RifleChaos Dogma~
45%
Vault of Glass Rocket LauncherHezen Vengeance
45%
King's Fall Sniper RifleDefiance of Yasmin
43%
Crota's End Rocket LauncherHunger of Crota
43%
King's Fall Pulse RifleSmite of Merain
40%
Crota's End Machine GunSong of Ir Yut
40%
Wrath of the Machine Auto RifleGenesis Chain~
37%
Wrath of the Machine ShotgunQuantiplasm~
37%
King's Fall Scout RifleDoom of Chelchis
33%
King's Fall Hand CannonZaouli's Bane
33%
King's Fall Machine GunQullim's Terminus
31%
Wrath of the Machine Pulse RifleSteel Medulla~
31%
King's Fall Auto RifleAnguish of Drystan
30%
Wrath of the Machine Rocket LauncherSound and Fury~
30%
Crota's End Fusion RifleLight of the Abyss
29%
Wrath of the Machine Fusion RifleEther Nova~
28%
Wrath of the Machine Hand CannonFever and Remedy~
28%
Wrath of the Machine Machine GunIf Materia~
28%
Wrath of the Machine SidearmZeal Vector
27%
King's Fall Fusion RifleMidha's Reckoning
25%
King's Fall ShotgunSilence of A'arn
24%
King's Fall Rocket LauncherElulim's Frenzy
18%

Score Distribution

Percentile by Number Answered

Percent of People with Each Score

Your Score History

You have not taken this quiz